Walter scott and the historical imagination (Record no. 396472)
[ view plain ]
| 000 -LEADER | |
|---|---|
| fixed length control field | 00468 a2200181 4500 |
| 005 - DATE & TIME | |
| control field | 20260422130030.0 |
| 008 - FIXED-LENGTH DATA ELEMENTS--GENERAL INFORMATION | |
| fixed length control field | 260422b |||||||| |||| 00| 0 eng d |
| 020 ## - ISBN | |
| International Standard Book Number | 9781138677777 |
| Price | £ 37.99 |
| 040 ## - CATALOGING SOURCE | |
| Original cataloging agency | VIVEKANANDA LIBRARY |
| 082 ## - DDC NUMBER | |
| Classification number | 823.6 |
| Book Number | B1812W |
| 100 ## - MAIN ENTRY--PERSONAL NAME | |
| Personal name | Brown, David |
| 245 ## - TITLE STATEMENT | |
| Title | Walter scott and the historical imagination |
| 260 ## - PUBLICATION, DISTRIBUTION, ETC. (IMPRINT) | |
| Name of publisher, distributor, etc | Routledge |
| Place of publication, distribution, etc | New York |
| Date of publication, distribution, etc | 2016 |
| 300 ## - PHYSICAL DESCRIPTION | |
| Pages | 239 |
| 650 ## - Subject | |
| Subject | English Literature |
| 650 ## - Subject | |
| Subject | English Fiction |
| 942 ## - ADDED ENTRY ELEMENTS (KOHA) | |
| Koha item type | Books |
| Withdrawn status | Lost status | Source of classification or shelving scheme | Damaged status | Not for loan | Location (home branch) | Sublocation or collection (holding branch) | Shelving location | Date acquired | Koha issues (times borrowed) | Koha full call number | Accession No. | Koha date last seen | Copy number | Koha item type |
|---|---|---|---|---|---|---|---|---|---|---|---|---|---|---|
| Dewey Decimal Classification | VIVEKANANDA LIBRARY | VIVEKANANDA LIBRARY | Vivekananda Library | 02/02/2026 | 823.6 B1812W | 444775 | 02/02/2026 | V2 | Books |
